5HLuxD.jpg

KING HENRY VIII SENIOR AND PRIMARY SCHOOL LIBRARY OPAC

Como agua para chocolate / (Record no. 3818)

000 -LEADER
fixed length control field 01734nam a22002057a 4500
003 - CONTROL NUMBER IDENTIFIER
control field OSt
005 - DATE AND TIME OF LATEST TRANSACTION
control field 20241031134548.0
008 - FIXED-LENGTH DATA ELEMENTS--GENERAL INFORMATION
fixed length control field 241031b ||||| |||| 00| 0 eng d
020 ## - INTERNATIONAL STANDARD BOOK NUMBER
International Standard Book Number 9781471890109
040 ## - CATALOGING SOURCE
Transcribing agency KH8
082 ## - DEWEY DECIMAL CLASSIFICATION NUMBER
Classification number 400 ESQ
100 ## - MAIN ENTRY--PERSONAL NAME
Personal name Esquivel, Laura,
Relator term author.
245 ## - TITLE STATEMENT
Title Como agua para chocolate /
Statement of responsibility, etc. Laura Esquivel.
260 ## - PUBLICATION, DISTRIBUTION, ETC.
Place of publication, distribution, etc. UK ;
Name of publisher, distributor, etc. Hodder Education ,
Date of publication, distribution, etc. 2017.
300 ## - PHYSICAL DESCRIPTION
Extent 96 pages :
Other physical details color illustrations ;
Dimensions 25 cm.
520 ## - SUMMARY, ETC.
Summary, etc. Exam AQA, Edexcel, WJEC, Eduqas & CCEAAS/A-levelModern LanguagesFirst September 2017First June 2018Literature analysis made easy. Build your students' confidence in their language abilities and help them develop the skills needed to critique their chosen putting it into context, understanding the themes and narrative technique, as well as specialist terminology.Breaking down each scene, character and theme in Como agua para chocolate ( Like Water for Chocolate ), this accessible guide will enable your students to understand the historical and social context of the novel and give them the critical and language skills needed to write a successful essay.- Strengthen language skills with relevant grammar, vocab and writing exercises throughout- Aim for top marks by building a bank of textual examples and quotes to enhance exam response- Build confidence with knowledge-check questions at the end of every chapter- Revise effectively with pages of essential vocabulary and key mind maps throughout- Feel prepared for exams with advice on how to write an essay, plus sample essay questions, two levels of model answers and examiner commentary.
650 ## - SUBJECT ADDED ENTRY--TOPICAL TERM
Topical term or geographic name entry element Textbooks for English speakers
650 ## - SUBJECT ADDED ENTRY--TOPICAL TERM
Topical term or geographic name entry element Spanish language Textbooks for foreign speakers
942 ## - ADDED ENTRY ELEMENTS (KOHA)
Source of classification or shelving scheme
Koha item type Teaching Resources
Holdings
Withdrawn status Lost status Source of classification or shelving scheme Damaged status Not for loan Collection code Permanent Location Current Location Shelving location Date acquired Full call number Barcode Date last seen Price effective from Koha item type
          Teaching Resources KH8 Senior School Library KH8 Senior School Library Staff Office 2024-10-31 400 ESQ TRKHSL006103 2024-10-31 2024-10-31 Teaching Resources

Powered By KH8 IT Dept